Model business letters
| Main Author: | |
|---|---|
| Format: | Book |
| Published: |
London :
Pitman Pub ,
1987
|
| Edition: | 3rd.ed |
| Subjects: |
MARC
| LEADER | 00000cam a2200000 7i4500 | ||
|---|---|---|---|
| 001 | 0000000016 | ||
| 005 | 20091124.0 | ||
| 020 | |a 0273027557 | ||
| 090 | 0 | 0 | |a 658.453 |b GAR |
| 100 | 1 | |a Gartside, L | |
| 245 | 1 | 0 | |a Model business letters |c L.Gartside |
| 250 | |a 3rd.ed | ||
| 260 | |a London : |b Pitman Pub , |c 1987 | ||
| 300 | |a 530 p. ; |c 21cm. | ||
| 650 | 0 | 0 | |a English language |x Business English |
| 740 | 0 | |a Model business letters | |
| 999 | |a 018605 |b BUKU |c PINJAMAN |e PERPUSTAKAAN KOMUNITI PETALING JAYA | ||